Журнал Череповецкого высшего военного инженерного училища радиоэлектроники (Запись № 11387877)

Подробности
000 -МАРКЕР
контрольное поле 01863nas1a22002651i 4500
001 - ИДЕНТИФИКАТОР ЗАПИСИ
контрольное поле RU\NLR\Per\1213774
005 - ИДЕНТИФИКАТОР ВЕРСИИ
контрольное поле 20260406181053.0
035 ## - ДРУГИЕ СИСТЕМНЫЕ НОМЕРА
Идентификатор записи (NLR Aleph) 011095103
100 ## - ДАННЫЕ ОБЩЕЙ ОБРАБОТКИ
Данные общей обработки 20160330a20159999|||y0rusy50 ca
101 0# - ЯЗЫК РЕСУРСА
Язык текста, звукозаписи и т.д. русский
102 ## - СТРАНА ПУБЛИКАЦИИ ИЛИ ПРОИЗВОДСТВА
Страна публикации Российская Федерация
110 ## - ПОЛЕ КОДИРОВАННЫХ ДАННЫХ: ПРОДОЛЖАЮЩИЕСЯ РЕСУРСЫ
Кодированные данные продолжающегося ресурса zu|||||||||
200 1# - ЗАГЛАВИЕ И СВЕДЕНИЯ ОБ ОТВЕТСТВЕННОСТИ
Основное заглавие Журнал Череповецкого высшего военного инженерного училища радиоэлектроники
207 #0 - ОБЛАСТЬ СПЕЦИФИЧЕСКИХ СВЕДЕНИЙ: НУМЕРАЦИЯ ПРОДОЛЖАЮЩИХСЯ РЕСУРСОВ
Нумерация: даты и обозначения томов Вып. 7 (2015) -
210 ## - ПУБЛИКАЦИЯ, РАСПРОСТРАНЕНИЕ И ДР.
Место издания, распространения и т.д. Москва
Имя издателя, распространителя и т. д. Радиотехника
Дата издания, распространения и т.д. 2015 -
300 ## - ОБЩИЕ ПРИМЕЧАНИЯ
Текст примечания Печатается на страницах журн.: Наукоемкие технологии
311 ## - ПРИМЕЧАНИЯ, ОТНОСЯЩИЕСЯ К ПОЛЯМ СВЯЗИ (ПРИМЕЧАНИЯ О СВЯЗИ С ДРУГИМИ ПРОИЗВЕДЕНИЯМИ (ИЗДАНИЯМИ))
Текст примечания Ранее выходил как: Череповецкий военный инженерный институт радиоэлектроники. Журнал Череповецкого военного инженерного института радиоэлектроники
430 #0 - ПРОДОЛЖЕН
Встроенное поле 2001#$aЖурнал Череповецкого военного инженерного института радиоэлектроники
-- 71002$3RU\NLR\AUTH\8810122308$aЧереповецкий военный инженерный институт радиоэлектроники
Заглавие Журнал Череповецкого военного инженерного института радиоэлектроники
Автор Череповецкий военный инженерный институт радиоэлектроники
488 #0 - ДРУГИЕ ВЗАИМОСВЯЗАННЫЕ ПРОИЗВЕДЕНИЯ (ДОКУМЕНТЫ)
Встроенное поле 2001#$aНаукоемкие технологии
Заглавие Наукоемкие технологии
710 02 - НАИМЕНОВАНИЕ ОРГАНИЗАЦИИ - ПЕРВИЧНАЯ ОТВЕТСТВЕННОСТЬ
Начальный элемент ввода Череповецкое высшее военное инженерное училище радиоэлектроники
Системный номер авторитетной/нормативной записи 386973
Идентификатор авторитетной/нормативной записи RU\NLR\AUTH\889945767
852 ## - МЕСТОНАХОЖДЕНИЕ И ШИФР ХРАНЕНИЯ
Идентификатор организации NLR
Шифр хранения (Call Number) П11/4448
942 ## - ДОПОЛНИТЕЛЬНЫЕ ЭЛЕМЕНТЫ ЗАПИСИ (АБИС)
Тип экземпляра АБИС Продолжающееся издание
980 ## - КОЛЛЕКЦИЯ
Название коллекции Русская периодика

Нет доступных экземпляров.